000 00625nam a2200205 a 4500
005 20140310183600.0
008 111122s19uu xx 00 eng d
020 _a9780415558839
050 _aLC 4704
_b.M27 2010
100 _aMacintyre, Christine
245 _aPlay for children with special needs :
_bsupporting children with learning differences, 3-9 /
_cChristine Macintyre.
250 _a2nd ed.
260 _aLondon :
_bRoutledge,
_c2010
300 _a136 p. :
_bill. ;
_c25 cm.
521 _aEDU
650 _aLearning disabled children
_xEducation
650 _aPlay
942 _cBK
_2lcc
_kFOR
999 _c25080
_d25080